Central Library OPAC University of Rajshahi

Intellectuals and the state in modern China : (Record no. 26049)

MARC details
000 -LEADER
fixed length control field 01009cam a2200301 a 4500
001 - CONTROL NUMBER
control field 26049
003 - CONTROL NUMBER IDENTIFIER
rucl marc code BD-RjUL
005 - DATE AND TIME OF LATEST TRANSACTION
control field 20211209050950.0
008 - FIXED-LENGTH DATA ELEMENTS--GENERAL INFORMATION
fixed length control field 140320s1981 nyu b 001 0 eng
020 ## - INTERNATIONAL STANDARD BOOK NUMBER
International Standard Book Number 0029128102
International Standard Book Number 0029126703
035 ## - SYSTEM CONTROL NUMBER
System control number (BD-RjUL)26119
System control number 1584573
040 ## - CATALOGING SOURCE
Original cataloging agency LC
Language of cataloging eng
Transcribing agency LC
Modifying agency SFU
-- BD-RjUL
041 ## - LANGUAGE CODE
Language code of text/sound track or separate title eng
082 04 - DEWEY DECIMAL CLASSIFICATION NUMBER
Classification number 951
Edition number 19
Author mark and year GRI 1981
100 1# - MAIN ENTRY--PERSONAL NAME
Personal name Grieder, Jerome B.
9 (RLIN) 80029
245 10 - TITLE STATEMENT
Title Intellectuals and the state in modern China :
Remainder of title a narrative history /
Statement of responsibility, etc. Jerome B. Grieder.
260 ## - PUBLICATION, DISTRIBUTION, ETC. (IMPRINT)
Place of publication, distribution, etc. New York ;
Name of publisher, distributor, etc. Free Press ;
Place of publication, distribution, etc. London :
Name of publisher, distributor, etc. Collier Macmillan,
Date of publication, distribution, etc. c1981.
300 ## - PHYSICAL DESCRIPTION
Pagination xix, 395 p. ;
Size 25 cm.
504 ## - BIBLIOGRAPHY, ETC. NOTE
Bibliography, etc Includes Bibliography: p. 378-383 and index.
650 #0 - SUBJECT ADDED ENTRY--TOPICAL TERM
Topical term or geographic name as entry element Intellectuals
Geographic subdivision China
General subdivision Political activity.
9 (RLIN) 80031
651 #0 - SUBJECT ADDED ENTRY--GEOGRAPHIC NAME
Geographic name China
General subdivision Intellectual life
Chronological subdivision 1644-1912.
9 (RLIN) 80032
Geographic name China
General subdivision Intellectual life
Chronological subdivision 1912-1949.
9 (RLIN) 80033
942 ## - ADDED ENTRY ELEMENTS (KOHA)
Source of classification or shelving scheme Dewey Decimal Classification
Koha item type Books
Holdings
Lost status Source of classification or shelving scheme Damaged status Not for loan Collection code Permanent Location Current Location Shelving location Date acquired Source of acquisition Cost, normal purchase price Total Checkouts Full call number Date last seen Copy number Koha item type
  Dewey Decimal Classification     Non-fiction Central Library, University of Rajshahi Central Library, University of Rajshahi   24/06/1989 Asia Fundation Gift 0.00   951 GRI 1981 20/03/2014 C-2 Books
  Dewey Decimal Classification   Not For Loan Non-fiction Central Library, University of Rajshahi Central Library, University of Rajshahi Reading Room 24/06/1989 Asia Fundation Gift     951 GRI 1981 25/02/2017 C-1 Books